Bí mật của một chế độ sụp đổ

Gardado en:
Detalles Bibliográficos
Autor Principal: A. I. Vilasov
Formato: Libro
Idioma:Undetermined
Publicado: H. CAND 2003
Những chủ đề:
Các nhãn: Engadir etiqueta
Sen Etiquetas, Sexa o primeiro en etiquetar este rexistro!
Thư viện lưu trữ: Trung tâm Học liệu Trường Đại học Cần Thơ
LEADER 00592nam a2200193Ia 4500
001 CTU_59909
008 210402s9999 xx 000 0 und d
020 |b 33000 
082 |a 891.7 
082 |b V867 
100 |a A. I. Vilasov 
245 0 |a Bí mật của một chế độ sụp đổ 
245 0 |c A. I. Vilasov; Lê Văn Thắng và Đinh Thị Hồng Biên biên dịch 
260 |a H. 
260 |b CAND 
260 |c 2003 
650 |a historical fiction, russian ( vietnamese ) 
904 |i Minh 
980 |a Trung tâm Học liệu Trường Đại học Cần Thơ